01189cam a22002532i 4500001001300000003000700013005001700020008004100037020003900078040001800117042000900135084002000144090001200164245012300176260003900299300001800338650002400356650003000380650002400410651001800434942001400452999001500466952045400481CIP114015964YEEZEN20251215100337.0251031s2025 ch e 000 0 chi d a9786267667767q(精裝) :cNT$2000 aCIPbchicCIP anbic a419.3332ncsclt a419.33310a疫後新生: 國家醫院 轉變與永續 /c衛生福利部附屬醫療及社會福利機構管理會所屬醫院著 a臺北市 :b衛福部, c2025.11. a面 ;c公分 72lcstta醫療機構 72lcstta健康照護體系 72lcstta醫療服務 72lcstta臺灣 2cclcBOOK c7676d7676 00102ccl4070ayeezenbyeezencYEEZENd2025-12-15l0o419.333pC03262r2025-12-15 00:00:00w2025-12-15yBOOKz本書是一部給予超越時代與中央疾病管理之路的全方位敘述,書中分列「健康平權的守護者」、「從醫院管理到旅館式健康管理」、「強化社會韌性的災防整備」、「部屬醫院成為區域衛政和社政整合」、「結合智能 AI 的導入與企業支援 ESG 精神」五部篇章